| 000 | 00524nam a2200181Ia 4500 | ||
|---|---|---|---|
| 005 | 20250326144130.0 | ||
| 008 | 250326s9999 xx 000 0 und d | ||
| 037 | _aTextbook | ||
| 040 |
_aFMSL _beng _cFMSL |
||
| 041 |
_aeng _2eng |
||
| 084 |
_aX:97y7 L1 _qFMSL |
||
| 100 |
_aDhingra O P _9694537 |
||
| 245 | 0 |
_aCases in industrial relations _cDhingra O P; Chellappa H V V |
|
| 260 |
_aNew Delhi _bNew Delhi, Shri Ram Centre _c1971 |
||
| 300 | _a144p | ||
| 942 |
_cTB _hX:97y7 L1 |
||
| 999 |
_c1302484 _d1302484 |
||